000 00392cam a22001331 4500
050 0 0 _aQA461
_b.N37 1989
245 1 0 _aMathematics 10;
_ba search for meaning /
250 _aQuebec edition.
260 _a[Canada] :
_bGage Educational Publishing Company,
_c1989.
300 _a436 p.
500 _aIncludes index.
650 _xMathematics ;
_xMathematics -- study and teaching.
942 _2lcc
_cGEN
999 _c6690
_d6690